00650nam a22001697a 4500003000900000008004100009040007100050082001800121100002300139245005900162260004000221300002800261505012300289650002100412650002200433650002500455AR-CdUCM190312b ||||| |||| 00| 0 spa d aMUNICIPALIDAD PROVINCIAL DEL CUSCOcBIBLIOTECA MUNICIPAL DEL CUSCO a830.99 /bG85 aGrenzmann, Wilhelm aProblemas y figuras de la literatura contemporánea / aMadrid :bEditorial Griegos,c1961. a385 páginas ;c20 cm. aContenido: Paul Claudel -- Georges Bernanos -- Francois Mauriac -- André Gide -- Jean Paul Sartre -- Albert Camus... aAutores alemanes aBiobibliografía aHistoria y crítica